Pays avec monuments !!! - Statistiques

Statistiques générales
  • Ce quiz a été pris 141 fois
  • Le résultat moyen est 14 sur 16
Statistiques - réponses
Par images Réponse % Correct
Egypte
99%
France
99%
Italie
99%
Inde
98%
Royaume-Uni
97%
Australie
96%
Russie
96%
Espagne
95%
Etats-Unis
92%
Grèce
91%
Allemagne
85%
Japon
85%
Chine
82%
Arabie Saoudite
75%
Turquie
72%
Argentine
28%
Aucun quiz correspondant
Distribution des résultats
% des personnes avec chaque résultat
Percentile par nombre de réponses
Votre historique - résultats
Vous n’avez pas pris ce quiz